De la enseñanza al aprendizaje de las matemáticas /

Con un lenguaje ameno y accesible, Joan Gómez nos propone un viaje por la enseñanza y el aprendizaje de las matemáticas a partir de los problemas diarios. Una obra, en definitiva, sumamente útil para aquellos maestros que quieren imprimir en sus clases una vertiente práctica, así como para los inter...

Full description

Bibliographic Details
Main Author: Gómez, Joan 1921-
Format: Libro
Language:Spanish
Published: Barcelona Paidós 2002
Series:Papeles de pedagogía 56
Subjects:
Online Access:

MARC

LEADER 00000cam a2200000 a 4500
001 017548
003 UAHC_CL
005 20170803121517.0
008 121210s2002 sp 000 spa
020 |a 9788449312595 
040 |a UAHC_CL  |c UAHC_CL  |d UAHC_CL 
082 0 4 |a 510.7  |b G633  |2 21 
100 1 |a Gómez, Joan  |d 1921- 
245 1 0 |a De la enseñanza al aprendizaje de las matemáticas /  |c Joan Gómez. 
260 |b Paidós  |a Barcelona  |c 2002 
300 |a 139 p. 
490 0 |a Papeles de pedagogía  |v 56 
520 |a Con un lenguaje ameno y accesible, Joan Gómez nos propone un viaje por la enseñanza y el aprendizaje de las matemáticas a partir de los problemas diarios. Una obra, en definitiva, sumamente útil para aquellos maestros que quieren imprimir en sus clases una vertiente práctica, así como para los interesados en las relaciones entre la vida cotidiana y las matemáticas. 
650 4 |a MATEMATICAS  |x ENSEÑANZA 
900 |a 510.7 GOM 
942 |c BK 
952 |0 0  |1 0  |4 0  |6 510_700000000000000_GOM  |7 0  |8 General  |9 35089  |a BC  |b BC  |c General  |d 2017-08-03  |l 0  |o 510.7 GOM  |p 1405957  |r 2026-01-13 00:00:00  |t 1  |w 2017-08-03  |y BK 
952 |0 0  |1 0  |4 0  |6 510_700000000000000_GOM  |7 0  |8 General  |9 35090  |a BC  |b BC  |c General  |d 2017-08-03  |l 0  |o 510.7 GOM  |p 1405958  |r 2026-01-13 00:00:00  |t 2  |w 2017-08-03  |y BK 
999 |c 17548  |d 17548